Bible facts - Statistics

General Stats
  • This quiz has been taken 123 times
  • The average score is 9 of 15
Answer Stats
Hint Answer % Correct
how many disciples did Jesus have? 12
97%
who was Jesus betrayed by in the last supper? Judas
94%
how many days was it until Jesus rose from the dead? 3
91%
who bit the fruit in the garden in the book of Genesis? Eve
89%
in the garden what animal was santan in the form of? snake
89%
what was the name of the man that got his strength from God (in the form of long hair) Samson
87%
who were the names of the first people who ever lived? Adam & Eve
85%
who said "LET THERE BE LIGHT!" ? God
85%
how many days did it take to complete the garden in the book of Genesis? 7
77%
finish the quote "Even the _____ will cry out!" ? rocks
32%
what was the ark made out of? gopher wood
22%
how many days was Noah in the ark? 40 days & 40 nights
15%
what does Exodus mean? escape
8%
who baptized Jesus? John the Baptisted
1%
why did Jesus die on the cross? to forgive us of our sins
0%
No matching quizzes found
Score Distribution
Percent of People with Each Score
Percentile by Number Answered
Your Score History
You have not taken this quiz